|
|
|
|
| LEADER |
00000cam a2200000 4500 |
| 001 |
vtls001167470 |
| 003 |
SK-MaSNL |
| 005 |
20260514083837.0 |
| 008 |
250414s1844 xo 0 000 ger |
| 035 |
|
|
|a SNK000110450
|
| 040 |
|
|
|a SNK
|b slo
|c SNK
|e rda
|
| 041 |
|
|
|a ger
|a lat
|
| 043 |
|
|
|a e-xo---
|
| 044 |
|
|
|a xo
|c SK
|
| 072 |
|
7 |
|a 271/279
|x Kresťanské cirkvi, sekty, denominácie
|2 konspekt
|
| 072 |
|
7 |
|a 27-5
|x Liturgia. Kresťanské umenie a symbolika. Duchovný život
|2 konspekt
|
| 080 |
|
|
|a 274/278-722.7
|2 2011
|
| 080 |
|
|
|a 27-565
|2 2011
|
| 080 |
|
|
|a (437.6)
|2 2011
|
| 130 |
0 |
|
|a Andenken
|9 1638742
|
| 245 |
0 |
0 |
|a Andenken an die 300jährige Jubelfeier der evangelischen Gemeine in der k. Freistadt Leutschau. Herausgegeben zum Besten des hiesigen Prediger-, Lehrer- und Wittwen-Pensionfond`s.
|
| 246 |
1 |
0 |
|a Zweite Abtheilung. Predigten
|
| 264 |
|
3 |
|a Leutschau
|b gedruckt bei Johann Werthmüller
|c 1844
|
| 300 |
|
|
|a 158 strán
|c 21 cm
|
| 336 |
|
|
|a text
|b txt
|2 rdacontent
|
| 337 |
|
|
|a bez média
|b n
|2 rdamedia
|
| 338 |
|
|
|a zväzok
|b nc
|2 rdacarrier
|
| 500 |
|
|
|a Obálkový titulný list v ozdobnom rámčeku
|
| 504 |
|
|
|a Poznámky pod textom ; bibliografické odkazy
|
| 505 |
0 |
0 |
|a Obsahuje: Prítlačok 1.:
|g 2 nečíslované strany, 66 strán
|t Zweite Abtheilung. Predigten
|
| 546 |
|
|
|a Nemecký text
|b Fraktúra
|
| 546 |
|
|
|a Latinský text
|b Antikva
|
| 561 |
|
|
|a Proveniencia: pečiatka na titulnom liste: Ján Vansa 1911
|5 SNK SC 700
|
| 610 |
2 |
7 |
|a Evanjelická cirkev a.v.
|2 SNKKA
|9 32425
|
| 610 |
2 |
7 |
|a Evanjelická cirkev. \b Cirkevný zbor (Levoča, Slovensko)
|2 SNKKA
|9 1638743
|
| 650 |
0 |
7 |
|a evanjelici
|2 SNKPH
|9 4027
|
| 650 |
0 |
7 |
|a cirkevné slávnosti
|2 SNKPH
|9 70408
|
| 650 |
0 |
7 |
|a cirkevné zbory
|2 SNKPH
|9 266924
|
| 651 |
|
7 |
|a Levoča (Slovensko)
|2 SNKPHgeo
|9 26696
|
| 655 |
|
7 |
|a príležitostné tlače
|2 SNKPH
|9 281484
|
| 700 |
1 |
|
|a Tomášek, Ján Pavel,
|d 1802-1887
|4 aui
|4 com
|4 oth
|9 9271
|
| 700 |
1 |
|
|a Werthmüller, Ján,
|d 1776-1856
|4 prt
|9 49395
|
| 700 |
1 |
|
|a Vansa, Ján,
|d 1846-1922
|4 fmo
|9 75557
|
| 752 |
|
|
|a Slovensko
|d Levoča
|
| 852 |
|
|
|a Slovenská národná knižnica
|p SC 700 ; SC 700 D1 ; SC 700 D2 ; SC 700 D3
|
| 958 |
|
|
|a ONDV
|
| 958 |
|
|
|a DF
|
| 999 |
|
|
|c 623653
|d 625583
|
| 952 |
|
|
|t 1
|a SNK
|b SNK
|c SNK_KF
|y PREZ
|7 8
|p 17A0243790
|o snkSC 700
|i snk1617/29
|8 21
|0 0
|1 0
|2 udc
|4 0
|d 2000-06-28
|l 0
|r 2005-01-01 00:00:00
|w 2026-02-23
|
| 952 |
|
|
|t 2
|a SNK
|b SNK
|y PREZ
|7 0
|p 17A0390395
|o snkSC 700 D1
|i snkD 2864/61
|8 1
|0 0
|1 0
|2 udc
|4 0
|d 2003-07-24
|l 0
|r 2005-01-01 00:00:00
|w 2026-02-23
|
| 952 |
|
|
|t 3
|a SNK
|b SNK
|y PREZ
|7 0
|p 17A0390394
|o snkSC 700 D2
|i snkF 899/65
|8 5
|0 0
|1 0
|2 udc
|4 0
|d 2003-07-24
|l 0
|r 2005-01-01 00:00:00
|w 2026-02-23
|
| 952 |
|
|
|t 4
|a SNK
|b SNK
|y PREZ
|7 0
|p 17A0390393
|o snkSC 700 D3
|i snkF 3755/83
|8 5
|0 0
|1 0
|2 udc
|4 0
|d 2003-07-24
|l 0
|r 2005-01-01 00:00:00
|w 2026-02-23
|